00576cam a22001692 4500001001100000005001700011008004100028020002800069040001500097050001600112245007700128260005600205300002100261504005100282650004100333700003200374000000511320151217151953.0070606s xx 000 0 eng d a0873719980 :cGBP 35.95 aKABUcKABU 0aTD193b.B3710aBasic concepts of environmental chemistry /cDes W. Connell ... [et al.] aBoca Raton :aNew York :bLewis Publishers,cc1997. a506 p. ;c24 cm. aIncludes bibliographical references and index. 0aEnvironmental chemistry.@00001542371 aConnell, Des W.@0000156214